La diversidad lingüística de Costa Rica : Las lenguas indigenas (Registro nro. 716933)

Detalles MARC
001 - NÚMERO DE CONTROL
campo de control 1412147
005 - FECHA Y HORA DE LA ÚLTIMA TRANSACCIÓN
campo de control 20240202122016.0
008 - DATOS DE LONGITUD FIJA--INFORMACIÓN GENERAL
campo de control de longitud fija 150612e20111205 spa
035 ## - NÚMERO DE CONTROL DEL SISTEMA
Número de control de sistema 1412147
040 ## - FUENTE DE LA CATALOGACIÓN
Centro/agencia transcriptor comduadb
041 ## - CÓDIGO DE LENGUA
Código de lengua del texto/banda sonora o título independiente spa
100 10 - ENTRADA PRINCIPAL--NOMBRE DE PERSONA
Nombre de persona Constenla Umana, Adolfo
Código de función aut
Término indicativo de función/relación Autor/a
9 (RLIN) 508403
245 13 - MENCIÓN DE TÍTULO
Título La diversidad lingüística de Costa Rica : Las lenguas indigenas
650 ## - PUNTO DE ACCESO ADICIONAL DE MATERIA--TÉRMINO DE MATERIA
Término de materia o nombre geográfico como elemento de entrada Diversidad lingüística
9 (RLIN) 76157
650 ## - PUNTO DE ACCESO ADICIONAL DE MATERIA--TÉRMINO DE MATERIA
Término de materia o nombre geográfico como elemento de entrada Costa Rica
9 (RLIN) 4722
650 ## - PUNTO DE ACCESO ADICIONAL DE MATERIA--TÉRMINO DE MATERIA
Término de materia o nombre geográfico como elemento de entrada Lenguas amerindias
9 (RLIN) 84754
650 #7 - PUNTO DE ACCESO ADICIONAL DE MATERIA--TÉRMINO DE MATERIA
Término de materia o nombre geográfico como elemento de entrada Lengua española
Fuente del encabezamiento o término embne
9 (RLIN) 169979
773 0# - ENLACE AL DOCUMENTO FUENTE/ENTRADA DE REGISTRO ANFITRIÓN
Título Revista de Filología y Linguística de la Universidad de Costa Rica (San José)
Parte(s) relacionada(s) Volumen 37, Número 02, Julio-Diciembre de 2011, pp. 93-106
Número de control del registro 319057
Número Internacional Estándar del Libro 0377628X
Número bibliográfico anfitrión 104100
942 ## - ELEMENTOS DE ENTRADA AGREGADA (KOHA)
Tipo de ítem Koha Artículo de Revista

No hay ítems disponibles.